Montepío del Nacimiento de Nuestro Señor Jesucristo
Descripción Física:
15 p. : tables ; 22 cm
MARC
| LEADER | 00000nam a2200000Ia 4500 | ||
|---|---|---|---|
| 001 | 15884 | ||
| 008 | 160829s1911 xx 000 0 cat d | ||
| 080 | |a RF-12-40 | ||
| 100 | |a Montepío del Nacimiento de Nuestro Señor Jesucristo |9 46913 | ||
| 245 | |a Montepío del Nacimiento de Nuestro Señor Jesucristo | ||
| 260 | |a Barcelona : |b (Imp. de Torns Hnos. y Vila), |c 1911 | ||
| 300 | |a 15 p. : |b tables ; |c 22 cm | ||
| 590 | |a A la portada, sota el títol: Aprobado el Reglamento primitivo por el Sr. Gobernador el 27 de marzo de 1852. Díaz. Registrado con el número 247, folio 57. | ||
| 590 | |a Prové de OP-3474. | ||
| 650 | |a Montepío del Nacimiento de Nuestro Señor Jesucristo |x Memòries |9 46914 | ||
| 856 | 4 | |u https://media.diba.cat/diba/fitxers/arxiu/fulletons/bib_15884_1911_baixa.pdf |y Accés lliure | |
| 856 | 4 | |u https://media.diba.cat/diba/fitxers/arxiu/fulletons/bib_15884_1911_baixa.pdf |y Accés lliure | |
| 901 | |a Arxiu | ||
| 942 | |n 1 |2 udc | ||
| 952 | |0 0 |1 0 |4 0 |6 RF1240 |7 1 |9 53524 |a Arxiu |b Arxiu |d 2016-12-01 |l 0 |o RF-12-40 |p 15884 |r 2016-12-01 00:00:00 |w 2016-12-01 |y ARXIU | ||
| 999 | |c 57390 |d 57390 | ||
| 900 | |a bib_15884_1911_baixa.pdf | ||